000 01831cam a2200397 4500500
005 20260208005055.0
041 _afre
042 _adc
100 1 0 _aLorre-Johnston, Christine
_eauthor
245 0 0 _aThoreau's Heritage in I Love a Broad Margin to My Life (2011) by Maxine Hong Kingston; or, East and West Meet—Again
260 _c2014.
500 _a19
520 _aLe dernier livre de Maxine Hong Kingston, I Love a Broad Margin to My Life, est lu ici comme un réexamen par l’auteure de ses liens à la Renaissance américaine à travers les œuvres de Henry David Thoreau et Walt Whitman. Kingston met l’accent sur l’intérêt que manifestait Thoreau pour les textes orientaux, utilise une forme proche du long poème de Whitman, et développe le trope de la marge pour définir son héritage, tant personnel et littéraire qu’intellectuel, comme ouvert et situé au confluent des courants d’échange historiques et culturels entre la Chine et l’Amérique, l’Orient et l’Occident.
690 _abouddhisme
690 _aéchanges culturels Orient/Occident
690 _ahéritage
690 _ahindouisme
690 _aKingston
690 _amarge
690 _arenaissance américaine
690 _aThoreau
690 _atranscendantalisme
690 _aWhitman
690 _aamerican renaissance
690 _abuddhism
690 _aEast/West cultural exchanges
690 _aheritage
690 _ahinduism
690 _aKingston
690 _amargin
690 _aThoreau
690 _atranscendentalism
690 _aWhitman
786 0 _nRevue française d’études américaines | 137 | 3 | 2014-04-29 | p. 80-93 | 0397-7870
856 4 1 _uhttps://shs.cairn.info/journal-revue-francaise-d-etudes-americaines-2013-3-page-80?lang=en&redirect-ssocas=7080
999 _c1650436
_d1650436